[Event "WYCC U16 Open 2013"]
[Site "Al-Ain UAE"]
[Date "2013.12.23"]
[Round "7.41"]
[White "Nikolov, Rumen"]
[Black "Zakaryan, David"]
[Result "1/2-1/2"]
[WhiteElo "2023"]
[BlackElo "2196"]
[WhiteFideId "2911620"]
[BlackFideId "24101923"]
[EventDate "2013.12.18"]

1. e4 c5 2. Nf3 Nc6 3. d4 cxd4 4. Nxd4 Qc7 5. Nc3 e6 6. g3 a6 7. Bg2 Nf6 8. O-O
h6 9. Re1 Nxd4 10. Qxd4 Bc5 11. Qd1 d6 12. Be3 e5 13. Bxc5 Qxc5 14. Qd2 Be6 15.
Rad1 Ke7 16. b4 Qc7 17. h3 Rac8 18. Re3 Rhd8 19. f4 Qb6 20. Kh2 Rc4 21. a3 Rd4
22. Rd3 Rc8 23. Na4 Qa7 24. c3 Rxd3 25. Qxd3 Ne8 26. fxe5 dxe5 27. Nc5 Qb6 28.
c4 Qd6 29. Qf3 Qc6 30. Nxe6 Qxe6 31. c5 Rd8 32. Rxd8 Kxd8 33. Qd3+ Kc7 34. g4
Nf6 35. Kg3 g5 36. a4 h5 37. Bf3 h4+ 38. Kf2 Qd7 39. Ke3 Kc6 40. Be2 Qxd3+ 41.
Bxd3 Ne8 42. Bc4 Nc7 43. a5 Nb5 44. Bxf7 Nd4 45. Be8+ Kc7 46. Bf7 Kc6 1/2-1/2

[Event "WYCC U16 Open 2013"]
[Site "Al-Ain UAE"]
[Date "2013.12.23"]
[Round "7.42"]
[White "Shavdirov, Jahongir"]
[Black "Naoum, Spyridon"]
[Result "0-1"]
[WhiteElo "1922"]
[BlackElo "2183"]
[WhiteFideId "14204193"]
[BlackFideId "4227506"]
[EventDate "2013.12.18"]

1. Nf3 Nf6 2. c4 g6 3. Nc3 Bg7 4. e4 O-O 5. g3 c5 6. Bg2 d6 7. O-O Nc6 8. d3 a6
9. Ne1 Rb8 10. a4 Nd4 11. Bd2 Bd7 12. Ne2 Nxe2+ 13. Qxe2 b5 14. axb5 axb5 15.
cxb5 Bxb5 16. Nc2 Nd7 17. Bc3 Qb6 18. Na3 Ba6 19. Qe3 Bd4 20. Qe2 Ne5 21. Rfd1
Qb3 22. Nc2 Bxc3 23. bxc3 Rb6 24. Ra3 Qb2 25. Rda1 Bxd3 0-1

[Event "WYCC U16 Open 2013"]
[Site "Al-Ain UAE"]
[Date "2013.12.23"]
[Round "7.43"]
[White "Hu, Bryan"]
[Black "Sokac, Marko"]
[Result "0-1"]
[WhiteElo "2176"]
[BlackElo "2038"]
[WhiteFideId "2066327"]
[BlackFideId "14531356"]
[EventDate "2013.12.18"]

1. d4 Nf6 2. Nf3 e6 3. c4 b6 4. a3 Bb7 5. Nc3 g6 6. Qc2 Bg7 7. e4 d6 8. Be2 O-O
9. Be3 Nbd7 10. Rd1 a6 11. O-O Qe7 12. h3 e5 13. dxe5 dxe5 14. Nd5 Nxd5 15. cxd5
Rac8 16. Bc4 h6 17. Rfe1 Nf6 18. Bd2 Rfd8 19. Bb4 Qe8 20. Qe2 b5 21. Ba2 c6 22.
Ba5 Rd6 23. dxc6 Rdxc6 24. Bc3 Rxc3 25. bxc3 Nxe4 26. Qe3 Nxc3 27. Rd2 Nxa2 28.
Rxa2 Rc4 29. Nd2 Qc6 30. f3 Rc3 31. Qa7 Qd5 32. Rb2 e4 33. fxe4 Bd4+ 34. Kf1 Qd7 0-1

[Event "WYCC U16 Open 2013"]
[Site "Al-Ain UAE"]
[Date "2013.12.23"]
[Round "7.44"]
[White "Markoja, Boris"]
[Black "Balaji, Ananthanarayanan"]
[Result "1/2-1/2"]
[WhiteElo "2167"]
[BlackElo "1973"]
[WhiteFideId "14608502"]
[BlackFideId "421197"]
[EventDate "2013.12.18"]

1. c4 Nf6 2. Nc3 d5 3. cxd5 Nxd5 4. g3 g6 5. Bg2 c6 6. Nf3 Bg7 7. O-O O-O 8. d4
Nxc3 9. bxc3 Nd7 10. Qc2 Qa5 11. e3 Nb6 12. Nd2 Be6 13. c4 c5 14. Bb2 Na4 15.
Ba3 cxd4 16. Nb3 Qc3 17. Qxc3 dxc3 18. Bxb7 Rab8 19. Bc6 Nb2 20. Nd4 Bxc4 21.
Rfc1 Rfc8 22. Rxc3 Bxd4 23. exd4 Rxc6 24. Rac1 Ra6 25. Rb1 Rab6 26. Rxb2 Rxb2
27. Bxb2 Rxb2 28. Rxc4 Rxa2 29. Rc7 e6 30. Kg2 Ra3 31. h4 h5 32. Rd7 Kg7 33. Rc7
Kf6 34. Rb7 a5 35. Ra7 a4 36. Kg1 Ra1+ 37. Kg2 a3 38. Kf3 a2 39. Kg2 g5 40.
hxg5+ Kxg5 41. Ra5+ f5 42. Ra6 h4 43. gxh4+ Kxh4 44. Kf3 Kg5 45. Ra5 Kf6 46. Ra7
Kg6 47. Kf4 Kf6 48. Kf3 Kg5 49. Ra5 Rd1 50. Rxa2 Rxd4 51. Ra8 Rd3+ 52. Kg2 e5
53. Re8 Kf4 54. Re7 Rd2 55. Re8 e4 56. Re7 Rd6 57. Ra7 Rg6+ 58. Kf1 Rb6 59. Kg2
Rd6 60. Ra8 Ke5 61. Re8+ Re6 62. Ra8 Kf4 63. Ra7 Rd6 64. Ra8 Ke5 65. Re8+ Kd4
66. Rf8 Rg6+ 67. Kf1 Ke5 68. Re8+ Kf4 69. Ra8 Kg4 70. Ra3 f4 71. f3+ exf3 72.
Ra8 Kg3 73. Rb8 Rg5 74. Ra8 Rg4 75. Rb8 Rh4 76. Rg8+ Rg4 77. Rb8 f2 78. Rb3+ f3
79. Rxf3+ 1/2-1/2

[Event "WYCC U16 Open 2013"]
[Site "Al-Ain UAE"]
[Date "2013.12.23"]
[Round "7.45"]
[White "Daskalov, Dimitar"]
[Black "Kalra, Agastya"]
[Result "0-1"]
[WhiteElo "2156"]
[BlackElo "1956"]
[WhiteFideId "2902800"]
[BlackFideId "2604744"]
[EventDate "2013.12.18"]

1. e4 c5 2. Nc3 Nc6 3. Nf3 g6 4. d4 cxd4 5. Nxd4 Bg7 6. Be3 d6 7. Qd2 Nf6 8. f3
O-O 9. O-O-O d5 10. Kb1 Nxd4 11. e5 Nf5 12. exf6 exf6 13. Bc5 d4 14. Bxf8 Qxf8
15. Nb5 Ne3 16. Re1 f5 17. Nxd4 f4 18. Nb3 Bf5 19. Bd3 Rd8 20. Rxe3 fxe3 21.
Qxe3 Bxd3 22. cxd3 Qd6 23. Nc1 a5 24. g3 a4 25. a3 b5 26. Qd2 b4 27. Qxb4 Qc7
28. Qxa4 Rb8 29. Nb3 Qe5 30. d4 Qf5+ 31. Ka2 Qc2 32. Re1 Qxh2 33. Re8+ Rxe8 34.
Qxe8+ Bf8 35. Nc5 Qc2 36. Qe4 Qc4+ 37. Nb3 h5 38. d5 Qxe4 39. fxe4 Bd6 40. Nd2
Bxg3 41. Nf1 h4 42. a4 Bb8 43. a5 g5 44. d6 Bxd6 45. a6 Bb8 46. Nh2 Kg7 47. Kb3
Kg6 48. Kc3 Kh5 49. Kd3 g4 50. Ke2 g3 51. Nf3 h3 52. Kf1 Ba7 53. Ne1 Kg5 54.
Nf3+ Kf4 55. Nh4 Kg4 0-1

[Event "WYCC U16 Open 2013"]
[Site "Al-Ain UAE"]
[Date "2013.12.23"]
[Round "7.46"]
[White "Nastase, Robert-Paul"]
[Black "Dixit, Kumar"]
[Result "0-1"]
[WhiteElo "2141"]
[BlackElo "1951"]
[WhiteFideId "1221175"]
[BlackFideId "421103"]
[EventDate "2013.12.18"]

1. e4 c5 2. Nf3 e6 3. d4 cxd4 4. Nxd4 Nf6 5. Nc3 d6 6. Bg5 Be7 7. f4 a6 8. Qf3
Qb6 9. O-O-O Nc6 10. Nxc6 Qxc6 11. Bd3 b5 12. Qe2 b4 13. Nb5 e5 14. Bxf6 gxf6
15. Nd4 exd4 16. Bc4 Qc5 17. e5 dxe5 18. fxe5 Qxe5 19. Qf1 Bb7 20. Re1 Qg5+ 21.
Kb1 Kf8 22. Qe2 Bd6 23. Bxf7 Be5 24. Qc4 Rc8 25. Qxb4+ Kxf7 26. Qxb7+ Rc7 27.
Qxa6 Rhc8 28. Re2 Rxc2 29. Rxc2 Rxc2 30. Kxc2 Qxg2+ 31. Kb3 Qxh1 32. Qc4+ Kg7
33. a4 Qf3+ 34. Ka2 d3 35. Qb3 Qe2 36. Qb7+ Kg6 37. Qb3 d2 38. Qg8+ Kh6 39. Qf8+
Kg5 40. Qg7+ Kf4 41. Qh6+ Kf3 42. Qh3+ Kf2 43. Qh4+ Kg1 0-1

[Event "WYCC U16 Open 2013"]
[Site "Al-Ain UAE"]
[Date "2013.12.23"]
[Round "7.47"]
[White "Cortes Orihuela, Javier"]
[Black "Hui, Jeremy"]
[Result "1/2-1/2"]
[WhiteElo "2131"]
[BlackElo "1914"]
[WhiteFideId "3414329"]
[BlackFideId "2608987"]
[EventDate "2013.12.18"]

1. d4 e6 2. c4 Nf6 3. g3 c5 4. d5 exd5 5. cxd5 d6 6. Nc3 g6 7. Bg2 Bg7 8. Nf3
O-O 9. O-O a6 10. a4 Nbd7 11. Nd2 Ne5 12. h3 g5 13. f4 gxf4 14. gxf4 Ng6 15. e4
Rb8 16. a5 Bd7 17. Qe2 Re8 18. f5 Ne5 19. Nf3 Bb5 20. Nxb5 Nxf3+ 21. Bxf3 axb5
22. Bg5 Qd7 23. Qg2 Kh8 24. Qg3 Rg8 25. Kh1 Ne8 26. Qh4 Bxb2 27. f6 Rxg5 28. Bg4
Rxg4 29. hxg4 Nxf6 30. Ra2 Qxg4 31. Qxg4 Nxg4 32. Rxb2 b4 33. Rxf7 Ne5 34. Rc7
Ra8 35. Rh2 Rxa5 36. Rhxh7+ Kg8 37. Rhg7+ Kf8 38. Rh7 Kg8 39. Rhg7+ Kf8 40. Rh7 1/2-1/2

[Event "WYCC U16 Open 2013"]
[Site "Al-Ain UAE"]
[Date "2013.12.23"]
[Round "7.48"]
[White "Kumsiashvili, Nikoloz"]
[Black "Kwon, Sehyun"]
[Result "1-0"]
[WhiteElo "2126"]
[BlackElo "1706"]
[WhiteFideId "13600621"]
[BlackFideId "13203088"]
[EventDate "2013.12.18"]

1. d4 Nf6 2. c4 g6 3. Nc3 d5 4. cxd5 Nxd5 5. e4 Nxc3 6. bxc3 Bg7 7. Bc4 c5 8.
Ne2 O-O 9. O-O Nc6 10. Be3 Bg4 11. f3 Na5 12. Bd3 cxd4 13. cxd4 Be6 14. d5 Bxa1
15. Qxa1 f6 16. Kh1 a6 17. Qb1 Bxd5 18. exd5 Qxd5 19. Bh6 Rf7 20. Nf4 Qc5 21.
Bxg6 f5 22. Bxf7+ Kxf7 23. Qe1 Qb6 24. Bg5 Re8 25. Qh4 1-0

[Event "WYCC U16 Open 2013"]
[Site "Al-Ain UAE"]
[Date "2013.12.23"]
[Round "7.51"]
[White "Darling, Simeon C."]
[Black "Kessler, Luca"]
[Result "0-1"]
[WhiteTitle "CM"]
[WhiteElo "1928"]
[BlackElo "2249"]
[WhiteFideId "14305356"]
[BlackFideId "1600087"]
[EventDate "2013.12.18"]

1. e4 c5 2. Nf3 Nc6 3. d4 cxd4 4. Nxd4 d5 5. Nxc6 bxc6 6. exd5 Qxd5 7. Qxd5 cxd5
8. c4 Nf6 9. Nc3 dxc4 10. Bxc4 e6 11. Be3 Bb4 12. a3 Bxc3+ 13. bxc3 O-O 14. Bd4
Bb7 15. O-O Rfc8 16. Bd3 Nd7 17. Rab1 Bd5 18. Ba6 Rc7 19. c4 Be4 20. Rb4 e5 21.
Bb2 Nc5 22. Bxe5 Nxa6 23. Bxc7 Nxc7 24. Re1 Bc6 25. Rb2 Rd8 26. h3 Kf8 27. Re5
Ne6 28. Ra5 Rd7 29. Ra6 Rc7 30. Ra5 Ke7 31. Kh2 Bd7 32. Rb8 Nc5 33. Ra8 a6 34.
Rh8 h6 35. Rg8 g6 36. g4 Kd6 37. Rb8 Kc6 38. Rb2 Be6 39. Rb4 Rd7 40. Kg2 Rd4 41.
Rb8 Rxc4 42. Rb4 Rc3 43. Rb8 Kc7 44. Rb4 Bd7 45. Kh2 Bb5 46. Raxb5 axb5 47. Rxb5
Ne4 48. Rb4 Ng5 49. h4 Nf3+ 50. Kg3 Nxh4+ 51. Kh2 Rxa3 52. Rf4 Rf3 0-1

[Event "WYCC U16 Open 2013"]
[Site "Al-Ain UAE"]
[Date "2013.12.23"]
[Round "7.52"]
[White "Liu, Andrew"]
[Black "Mezhlumyan, Marat"]
[Result "0-1"]
[WhiteElo "2236"]
[BlackElo "1927"]
[WhiteFideId "2071150"]
[BlackFideId "13302973"]
[EventDate "2013.12.18"]

1. d4 Nf6 2. c4 g6 3. Nc3 d5 4. cxd5 Nxd5 5. e4 Nxc3 6. bxc3 Bg7 7. Nf3 O-O 8.
h3 c5 9. Be2 Nc6 10. Be3 cxd4 11. cxd4 Qa5+ 12. Bd2 Qa3 13. d5 Ne5 14. Nxe5 Bxe5
15. Rb1 e6 16. Qc2 Qe7 17. Bc4 b6 18. O-O exd5 19. Bxd5 Rb8 20. Qa4 Be6 21. Bb4
Bd6 22. Bxd6 Qxd6 23. Rfd1 Qe7 24. Rb3 Rfd8 25. Rbd3 Bxd5 26. exd5 Rd6 27. h4 h5
28. g3 Rbd8 29. Qd4 Qf6 30. Qe4 R8d7 31. R1d2 Re7 32. Qb4 Red7 33. Kg2 Qf5 34.
Qc4 Re7 35. Rd4 Red7 36. a4 Kg7 37. R2d3 Qf6 38. Rf4 Qe5 39. Re4 Qf6 40. Rf3 Qa1
41. Re8 Rxd5 42. Qc8 Rd1 43. Rfe3 Rg1+ 44. Kh2 Rd2 45. Re2 Rxe2 46. Rxe2 Qf1 47.
Qc3+ Kh7 48. Qf3 Rh1+ 49. Qxh1 Qxe2 50. Qg2 Qc2 51. Qf3 Kg7 52. Qf4 Qc5 53. Qd2
a6 54. Qb2+ Kg8 55. Qf6 b5 56. a5 b4 57. Qb6 Qc4 58. Kg2 b3 59. Qd8+ Kg7 60. Qd2
Qc6+ 61. Kh2 Qf6 62. Kg2 b2 63. Qb4 Qc6+ 64. Kh2 Qb5 65. Qd4+ Kh7 66. Qf6 Qb3 0-1

[Event "WYCC U16 Open 2013"]
[Site "Al-Ain UAE"]
[Date "2013.12.23"]
[Round "7.54"]
[White "Ostapchik, Anton"]
[Black "Pomini, Aurelien"]
[Result "1-0"]
[WhiteElo "1897"]
[BlackElo "2165"]
[WhiteFideId "13509705"]
[BlackFideId "1320831"]
[EventDate "2013.12.18"]

1. e4 e5 2. Nf3 Nc6 3. Bb5 Nf6 4. O-O Nxe4 5. d4 Nd6 6. Bxc6 dxc6 7. dxe5 Nf5 8.
Qxd8+ Kxd8 9. Rd1+ Ke8 10. b3 a5 11. a4 h6 12. Bb2 c5 13. Nc3 Be6 14. Nd5 Rc8
15. Nf4 Bd7 16. Rd3 Bc6 17. e6 f6 18. Ng6 Rg8 19. Re1 Bd6 20. g4 Ne7 21. Nfh4
Nxg6 22. Nxg6 c4 23. Rde3 Bc5 24. Rg3 Rd8 25. Bc3 b6 26. h4 Rd6 27. g5 hxg5 28.
hxg5 fxg5 29. Rxg5 cxb3 30. cxb3 Rd3 31. Be5 Rd2 32. Rf5 Bd5 33. Bxc7 Bxb3 34.
Bg3 Bc2 35. Rg5 Bxa4 36. Rb1 Bc2 37. Rxc5 Bxg6 38. Bh4 Rc2 39. Rxb6 1-0

[Event "WYCC U16 Open 2013"]
[Site "Al-Ain UAE"]
[Date "2013.12.23"]
[Round "7.55"]
[White "Pamatmat, Jarod M"]
[Black "Shumskis, Aleksandrs"]
[Result "1-0"]
[WhiteElo "2164"]
[BlackElo "1849"]
[WhiteFideId "2029685"]
[BlackFideId "11602414"]
[EventDate "2013.12.18"]

1. d4 Nf6 2. c4 Nc6 3. Nc3 e5 4. d5 Ne7 5. Nf3 Ng6 6. h4 h5 7. Bg5 Bc5 8. e3 d6
9. Bd3 Nf8 10. b4 Bb6 11. c5 dxc5 12. Nxe5 N8d7 13. Nxd7 Bxd7 14. Ne4 cxb4 15.
Qf3 Bg4 16. Qf4 Rg8 17. Bb5+ Bd7 18. Nxf6+ gxf6 19. Bxf6 Bxb5 20. Bxd8 Rxd8 21.
Qxb4 Ba6 22. Qe4+ Kf8 23. O-O-O Rg6 24. Qf5 Be2 25. Rd2 Bg4 26. Qe5 Re8 27. Qc3
Kg8 28. Re1 Bd7 29. f3 c6 30. d6 Rge6 31. Rd3 Re5 32. Qb3 Rb5 33. Qa4 Ree5 34.
Re2 Ba5 35. Qf4 Bd8 36. Rb2 Rbc5+ 37. Rc2 Ra5 38. Ra3 Bb6 39. Qg3+ Kh7 40. Rxa5
Bxe3+ 41. Kd1 Rxa5 42. Re2 Rd5+ 43. Ke1 Bc5 44. Re7 Be6 45. Re8 Bd4 46. Qg8+ Kh6
47. g4 Bg7 48. g5+ Kg6 49. Rxe6+ fxe6 50. Qxe6+ Kh7 51. Qe4+ Kg8 52. Qe8+ Kh7
53. d7 Bc3+ 54. Ke2 Ba5 55. Qxh5+ 1-0

[Event "WYCC U16 Open 2013"]
[Site "Al-Ain UAE"]
[Date "2013.12.23"]
[Round "7.56"]
[White "Minald, Andrey"]
[Black "Foo, William J"]
[Result "0-1"]
[WhiteElo "1848"]
[BlackElo "2144"]
[WhiteFideId "13506854"]
[BlackFideId "419753"]
[EventDate "2013.12.18"]

1. d4 d5 2. c4 c6 3. Nc3 Nf6 4. Nf3 a6 5. e3 b5 6. cxd5 cxd5 7. Bd3 Bg4 8. O-O
e6 9. h3 Bh5 10. a3 Nbd7 11. e4 dxe4 12. Nxe4 Bg6 13. Bg5 Be7 14. Nxf6+ Bxf6 15.
Bxg6 hxg6 16. Bxf6 Nxf6 17. Rc1 Rc8 18. Rxc8 Qxc8 19. Qc1 O-O 20. Ne5 Qb7 21.
Qc6 Qxc6 22. Nxc6 Nd5 23. Rc1 Rc8 24. Rc5 Kf8 25. Nb4 Rxc5 26. dxc5 Nc7 27. f3
a5 28. Nd3 a4 29. Kf2 g5 30. Ke3 Ke7 31. Nb4 Kd7 32. g3 e5 33. Ke4 Ke6 34. g4 g6
35. Nc6 f5+ 36. Kd3 Na6 37. Nd8+ Ke7 38. Nc6+ Kf6 39. Na7 Nxc5+ 40. Ke3 f4+ 41.
Ke2 e4 42. fxe4 Nxe4 43. Nxb5 Ke5 44. Na7 Nc5 45. Nc6+ Ke4 46. Ne7 f3+ 47. Kf1
Kf4 48. Nxg6+ Kg3 49. Ne5 Ne4 50. Nd3 f2 51. Ke2 Kg2 52. Nxf2 Nxf2 53. h4 gxh4
54. g5 Ne4 55. Ke3 Nxg5 56. b4 axb3 57. a4 h3 0-1

[Event "WYCC U16 Open 2013"]
[Site "Al-Ain UAE"]
[Date "2013.12.23"]
[Round "7.57"]
[White "Lekic, Lazar"]
[Black "Yang, ching Wei, Austin"]
[Result "1-0"]
[WhiteElo "2071"]
[BlackElo "1824"]
[WhiteFideId "900052"]
[BlackFideId "16300440"]
[EventDate "2013.12.18"]

1. e4 e6 2. d4 d5 3. Nd2 Nf6 4. e5 Nfd7 5. f4 c5 6. c3 Nc6 7. Ndf3 Qb6 8. a3 Be7
9. h4 f6 10. Bd3 cxd4 11. cxd4 fxe5 12. fxe5 O-O 13. Ne2 Kh8 14. b4 Rxf3 15.
gxf3 Nxd4 16. Be3 Nxf3+ 17. Kf2 d4 18. Nxd4 Nxd4 19. Qh5 Nf8 20. Qg4 Qd8 21.
Qxd4 Bd7 22. Rh3 Bc6 23. Qxd8 Rxd8 24. Bxa7 Bxh4+ 25. Rxh4 Rxd3 26. Rd4 Rf3+ 27.
Ke2 Rf5 28. Bb8 h5 29. a4 Nd7 30. b5 Nxb8 31. Rd8+ Kh7 32. Rxb8 Rxe5+ 33. Kf2
Bd5 34. a5 h4 35. a6 bxa6 36. bxa6 Rf5+ 37. Ke3 g5 38. a7 h3 39. a8=Q Rf3+ 40.
Ke2 Bxa8 41. Rbxa8 Rg3 42. R8a3 Rg2+ 43. Kf1 g4 44. R1a2 Rxa2 45. Rxa2 Kg6 46.
Ra5 Kf6 47. Kf2 h2 48. Kg2 g3 49. Ra3 1-0

[Event "WYCC U16 Open 2013"]
[Site "Al-Ain UAE"]
[Date "2013.12.23"]
[Round "7.58"]
[White "Li, Xiang Wei  William"]
[Black "Grunau, Christoph"]
[Result "1-0"]
[WhiteElo "1846"]
[BlackElo "2066"]
[WhiteFideId "4303300"]
[BlackFideId "12929760"]
[EventDate "2013.12.18"]

1. e4 c5 2. Nf3 d6 3. d4 cxd4 4. Nxd4 Nf6 5. Nc3 a6 6. Bg5 e6 7. f4 h6 8. Bh4
Be7 9. Qf3 Qc7 10. O-O-O Nbd7 11. Be2 O-O 12. g4 b5 13. g5 hxg5 14. fxg5 Ne5 15.
Qg3 Nfd7 16. g6 Bxh4 17. gxf7+ Rxf7 18. Qxh4 Nc5 19. Bh5 Rf6 20. Rhg1 Qe7 21.
Bg6 Nxg6 22. Rxg6 b4 23. Nc6 Qf7 24. Rxf6 Qxf6 25. Qxf6 gxf6 26. Nxb4 Nb7 27.
Na4 Bd7 28. Nb6 Rd8 29. Nxd7 Rxd7 30. Nxa6 Rh7 31. Rd2 Rh4 32. Re2 Kf7 33. c3
Rh5 34. b4 d5 35. exd5 Rxd5 36. Nc7 Rd6 37. a4 Rc6 38. Nb5 e5 39. Kd2 Rb6 40. c4
Ke6 41. h4 Kf5 42. Rg2 Re6 43. h5 Re7 44. a5 Nd8 45. a6 Nc6 46. c5 e4 47. h6 e3+
48. Ke2 Kf4 49. Rg7 Re5 50. a7 Nxa7 51. Nxa7 Rh5 52. Rg2 Rd5 53. h7 Rd2+ 54. Ke1
Rxg2 55. h8=Q 1-0

[Event "WYCC U16 Open 2013"]
[Site "Al-Ain UAE"]
[Date "2013.12.23"]
[Round "7.59"]
[White "Rodgers, Philippe"]
[Black "Kenes, Aldiyar"]
[Result "0-1"]
[WhiteElo "1735"]
[BlackElo "2026"]
[WhiteFideId "1801473"]
[BlackFideId "13707914"]
[EventDate "2013.12.18"]

1. c4 e5 2. g3 Nf6 3. Bg2 c6 4. d4 exd4 5. Qxd4 d5 6. Nc3 Be6 7. Nf3 dxc4 8.
Qxd8+ Kxd8 9. Ng5 Nbd7 10. e4 Bb4 11. O-O h6 12. Nxe6+ fxe6 13. Rd1 Ke7 14. a3
Bxc3 15. bxc3 Nc5 16. Rb1 b5 17. Bf4 Ncxe4 18. Re1 Nxc3 19. Rbc1 Ncd5 20. Bh3 g5
21. Rxe6+ Kf7 22. Rxc6 gxf4 23. Be6+ Kg7 24. Rd1 Rhd8 25. Rc5 Rd6 26. Bxd5 Rad8
27. Rc7+ Kh8 0-1

[Event "WYCC U16 Open 2013"]
[Site "Al-Ain UAE"]
[Date "2013.12.23"]
[Round "7.60"]
[White "Lo, Ryan"]
[Black "Dogan, Mire Deniz"]
[Result "1/2-1/2"]
[WhiteElo "2025"]
[BlackElo "1772"]
[WhiteFideId "2609088"]
[BlackFideId "6317456"]
[EventDate "2013.12.18"]

1. d4 d5 2. c4 c6 3. Nf3 Nf6 4. Nc3 e6 5. e3 Nbd7 6. Qc2 Bd6 7. b3 O-O 8. Bb2
Qe7 9. Be2 b6 10. O-O Bb7 11. Rfe1 Ba3 12. Bxa3 Qxa3 13. e4 dxe4 14. Nxe4 Nxe4
15. Qxe4 Nf6 16. Qc2 Rad8 17. Rad1 c5 18. dxc5 Qxc5 19. Nd2 Qg5 20. Bf3 Bxf3 21.
Nxf3 Qc5 22. Rxd8 Rxd8 23. Rd1 Rxd1+ 24. Qxd1 h6 25. h3 e5 26. Qd8+ Kh7 27. Qd2
a6 28. Kf1 e4 29. Nd4 Qe5 30. Kg1 Nh5 31. Nc6 Qa1+ 32. Kh2 Qf6 33. Qd5 Qf4+ 34.
Kg1 Nf6 35. Qxf7 Qc1+ 36. Kh2 Qf4+ 1/2-1/2

[Event "WYCC U16 Open 2013"]
[Site "Al-Ain UAE"]
[Date "2013.12.23"]
[Round "7.61"]
[White "Hamawi, Karim"]
[Black "Haavamae, Henrik"]
[Result "1/2-1/2"]
[WhiteElo "1640"]
[BlackElo "2023"]
[WhiteFideId "5303621"]
[BlackFideId "4502973"]
[EventDate "2013.12.18"]

1. d4 Nf6 2. c4 e6 3. Nc3 Bb4 4. Qc2 O-O 5. a3 Bxc3+ 6. Qxc3 d5 7. Nf3 dxc4 8.
Qxc4 b6 9. g3 Bb7 10. Bg2 Nbd7 11. O-O c5 12. dxc5 Nxc5 13. Ne5 Bxg2 14. Kxg2
Rc8 15. Bg5 h6 16. Rfd1 Qe7 17. Bxf6 Qxf6 18. f4 Qe7 19. Rac1 Qb7+ 20. Kg1 b5
21. Qb4 a5 22. Qc3 Ne4 23. Qxa5 Rxc1 24. Rxc1 Qd5 25. Qb4 Ra8 26. b3 g5 27. Ng4
Kg7 28. Ne3 Qd2 29. Qxd2 Nxd2 30. Rc5 gxf4 31. gxf4 Nxb3 32. Rxb5 Nd4 33. Rb2
Rxa3 34. Nc2 Rb3 35. Rxb3 Nxb3 36. Kf2 1/2-1/2

[Event "WYCC U16 Open 2013"]
[Site "Al-Ain UAE"]
[Date "2013.12.23"]
[Round "7.62"]
[White "Bayramov, Elkhan Khayyat"]
[Black "Karunarathna, Chathupa Induwara"]
[Result "1-0"]
[WhiteElo "2173"]
[BlackElo "1734"]
[WhiteFideId "13400525"]
[BlackFideId "9904727"]
[EventDate "2013.12.18"]

1. e4 e6 2. d4 d5 3. Nc3 Bb4 4. e5 c5 5. a3 Bxc3+ 6. bxc3 Ne7 7. Qg4 O-O 8. Ne2
Nbc6 9. h4 f5 10. Qg3 Qc7 11. Bd2 Bd7 12. h5 Rac8 13. Qh4 Rf7 14. Rh3 cxd4 15.
cxd4 Na5 16. Rg3 Nc4 17. Bh6 Ba4 18. c3 Kh8 19. Rxg7 Rxg7 20. Bxg7+ Kxg7 21. Nf4
Kf7 22. Qf6+ Ke8 23. Nxe6 Qa5 24. Rc1 Nxa3 25. Ng7+ Kd7 26. Qd6# 1-0

[Event "WYCC U16 Open 2013"]
[Site "Al-Ain UAE"]
[Date "2013.12.23"]
[Round "7.63"]
[White "Plotkin, Mark"]
[Black "Gillot, Florent"]
[Result "1/2-1/2"]
[WhiteElo "1992"]
[BlackElo "1731"]
[WhiteFideId "2611651"]
[BlackFideId "225479"]
[EventDate "2013.12.18"]

1. e4 e6 2. d4 d5 3. Nc3 Bb4 4. e5 c5 5. a3 Bxc3+ 6. bxc3 Qa5 7. Nf3 c4 8. h4
Qa4 9. h5 h6 10. Rh4 Ne7 11. Rg4 Nf5 12. Nh4 Nxh4 13. Rxh4 Nc6 14. Ra2 Ne7 15.
Rf4 Bd7 16. Qf3 Rf8 17. Kd1 b5 18. g4 a5 19. Kd2 Rb8 20. Rb2 Nc6 21. Rb1 Ke7 22.
Kd1 b4 23. axb4 axb4 24. cxb4 Nxb4 25. Rxb4 Rxb4 26. Ba3 Ke8 27. Bxb4 Qxb4 28.
Qe3 Ba4 29. Qc1 Ke7 30. Rf3 c3 31. Bd3 Qb2 32. Rg3 Rb8 33. g5 Qxc1+ 34. Kxc1
hxg5 35. Rxg5 Kf8 36. Rg4 Rb2 37. Rf4 Ra2 38. Kd1 Ke7 39. Rg4 Kf8 40. Rf4 Ke7 1/2-1/2

[Event "WYCC U16 Open 2013"]
[Site "Al-Ain UAE"]
[Date "2013.12.23"]
[Round "7.64"]
[White "Gamage, Chathulanka"]
[Black "Malhotra, Tarun"]
[Result "0-1"]
[WhiteElo "1745"]
[BlackElo "1988"]
[WhiteFideId "9908102"]
[BlackFideId "5020549"]
[EventDate "2013.12.18"]

1. d4 d5 2. c4 c6 3. Nf3 Nf6 4. Nc3 dxc4 5. a4 Bf5 6. Ne5 Nbd7 7. Nxc4 Qc7 8. g3
e5 9. dxe5 Nxe5 10. Bf4 Nfd7 11. Bg2 g5 12. Bxe5 Nxe5 13. Qd4 f6 14. O-O-O Rd8
15. Qxd8+ Qxd8 16. Rxd8+ Kxd8 17. Nxe5 fxe5 18. Be4 Be6 19. Kc2 Kc7 20. Nd1 Bc5
21. f3 h5 22. Bd3 a6 23. b3 b5 24. Be4 Rb8 25. axb5 axb5 26. Kb2 Rh8 27. Nc3 Rb8
28. Na2 Ra8 29. Bb1 Bd4+ 30. Kc2 c5 31. e4 Rf8 32. Re1 g4 33. fxg4 Rf2+ 0-1

[Event "WYCC U16 Open 2013"]
[Site "Al-Ain UAE"]
[Date "2013.12.23"]
[Round "7.66"]
[White "Lopez Popov, Ivan"]
[Black "Ouaret, Abdelouhab"]
[Result "0-1"]
[BlackTitle "FM"]
[WhiteElo "1735"]
[BlackElo "1868"]
[WhiteFideId "4002083"]
[BlackFideId "7903944"]
[EventDate "2013.12.18"]

1. e4 e5 2. Nf3 Nc6 3. Bb5 a6 4. Ba4 Nf6 5. O-O b5 6. Bb3 Bc5 7. c3 d6 8. a4 Bg4
9. h3 Bd7 10. d4 Bb6 11. Bg5 h6 12. Bxf6 gxf6 13. axb5 axb5 14. Rxa8 Qxa8 15.
dxe5 Nxe5 16. Nxe5 fxe5 17. Qh5 Rh7 18. Nd2 Qd8 19. Nf3 Qf6 20. Ra1 Bc6 21. Qg4
Rg7 22. Qc8+ Ke7 23. Kh1 Bxe4 24. Bd1 Qg6 25. g4 Qf6 26. Kg2 Bc6 27. Ra8 Bxa8
28. Qxa8 Qf4 29. Be2 b4 30. Bb5 e4 31. Qe8+ Kf6 32. Qd8+ Kg6 33. Nh4+ Kh7 34. f3
Qd2+ 35. Kh1 Qe1+ 36. Kh2 Qg1# 0-1